000255691 001__ 255691
000255691 005__ 20250125224838.0
000255691 0247_ $$aG:(GEPRIS)366826098$$d366826098
000255691 035__ $$aG:(GEPRIS)366826098
000255691 040__ $$aGEPRIS$$chttp://gepris.its.kfa-juelich.de
000255691 150__ $$aFinanzmarktgleichgewichte bei Knightscher Unsicherheit (C05)$$y2017 -
000255691 371__ $$aProfessor Dr. Shige Peng
000255691 371__ $$aProfessor Dr. Frank Riedel
000255691 450__ $$aSFB 1283 C05$$wd$$y2017 -
000255691 5101_ $$0I:(DE-588b)2007744-0$$aDeutsche Forschungsgemeinschaft$$bDFG
000255691 550__ $$0G:(GEPRIS)317210226$$aSFB 1283: Unsicherheit beherrschen und Zufall sowie Unordnung nutzen in Analysis, Stochastik und deren Anwendungen$$wt
000255691 680__ $$a
000255691 909CO $$ooai:juser.fz-juelich.de:922294$$pauthority$$pauthority:GRANT
000255691 909CO $$ooai:juser.fz-juelich.de:922294
000255691 980__ $$aG
000255691 980__ $$aAUTHORITY